Southville International School and Colleges
Your cart is empty.
  • Cart
  • Lists
    Public lists Eva Luna New books Lux_list list_1
    Your lists Log in to create your own lists
  • Log in to your account
  • Your cookies
  • Search history
Southville International School and Colleges
  • Advanced search
  • Recent comments
  • Most popular
  • Libraries

Log in to your account

Log in with GOOGLE


If you do not have an external account, but do have a local account, you can still log in:

  1. Home
  2. MARC view: Sherlock Holmes: a gripping casebook of stories
Normal view MARC view ISBD view

Sherlock Holmes: a gripping casebook of stories (Record no. 365405)

[ view plain ]
MARC details
000 -LEADER
fixed length control field 00587nam a22001817a 4500
003 - CONTROL NUMBER IDENTIFIER
control field 0
005 - DATE AND TIME OF LATEST TRANSACTION
control field 20230926094315.0
008 - FIXED-LENGTH DATA ELEMENTS--GENERAL INFORMATION
fixed length control field 230926b xxu||||| |||| 00| 0 eng d
020 ## - INTERNATIONAL STANDARD BOOK NUMBER
International Standard Book Number 978-1-78950-938-0
050 ## - LIBRARY OF CONGRESS CALL NUMBER
Classification number PR 4621
Item number .D69 2019
100 ## - MAIN ENTRY--PERSONAL NAME
Personal name Doyle, Arthur Conan
245 ## - TITLE STATEMENT
Title Sherlock Holmes: a gripping casebook of stories
Statement of responsibility, etc Arthur Conan Doyle
260 ## - PUBLICATION, DISTRIBUTION, ETC. (IMPRINT)
Place of publication, distribution, etc London
Name of publisher, distributor, etc Arcturus Publishing Limited
Date of publication, distribution, etc c2019.
300 ## - PHYSICAL DESCRIPTION
Extent 384 pages ;
Dimensions 24 cm.
500 ## - GENERAL NOTE
General note Private investigators -- England -- Fiction.
650 ## - SUBJECT ADDED ENTRY--TOPICAL TERM
Topical term or geographic name as entry element Private investigators -- England -- Fiction.
942 ## - ADDED ENTRY ELEMENTS (KOHA)
Source of classification or shelving scheme Library of Congress Classification
Koha item type Books
Holdings
Withdrawn status Lost status Source of classification or shelving scheme Damaged status Home library Current library Shelving location Date acquired Source of acquisition Total Checkouts Full call number Barcode Date last seen Price effective from Koha item type
    Library of Congress Classification   Luxembourg Library Luxembourg Library Teachers Reference Section 09/26/2023 Library Fund   PR 4621 .D69 2019 21089 09/26/2023 09/26/2023 Books

Sherlock Holmes: a gripping casebook of stories

APA

Doyle A. C., . (2019). Sherlock Holmes: a gripping casebook of stories. London: Arcturus Publishing Limited.

Chicago

Doyle Arthur Conan, . 2019. Sherlock Holmes: a gripping casebook of stories. London: Arcturus Publishing Limited.

Harvard

Doyle A. C., . (2019). Sherlock Holmes: a gripping casebook of stories. London: Arcturus Publishing Limited.

MLA

Doyle Arthur Conan, . Sherlock Holmes: a gripping casebook of stories. London: Arcturus Publishing Limited. 2019.

  • Place hold
  • Print
  • Cite
  • Add to your cart (remove)
  • Save record
    BIBTEX Dublin Core MARCXML MARC (non-Unicode/MARC-8) MARC (Unicode/UTF-8) MARC (Unicode/UTF-8, Standard) MODS (XML) RIS
  • More searches
    Search for this title in:
    Other Libraries (WorldCat) Other Databases (Google Scholar) Online Stores (Bookfinder.com) Open Library (openlibrary.org)

Exporting to Dublin Core...

SOUTHVILLE LIBRARY

Southville International School and Colleges Library

1281 Tropical Ave. Cor. Luxembourg St., BF Homes International, Las Pinas City

Tel. No. 8256374 / 252358 Loc. 117/146

Powered by Koha